00429nam a2200133Ia 4500082002200000100001600022245007900038260003600117300001000153650002600163650005000189650003300239650002300272 a305.8009544 DOS-; aDoshi, S.L. 0aProcesses of tribal unification and integration: a case study of the Bhils aDelhibConcept Publishingc1978 a170p. aEthnology - Rajasthan aBhil (Indic people) - Social life and customs aRajasthan - Ethnic relations aTribes - Rajasthan